El tratado de comercio mexicano-americano (Record no. 64822)

MARC details
000 -LEADER
campo de control de longitud fija 00686nam a2200193 i 4500
001 - NÚMERO DE CONTROL
campo de control 64822
003 - IDENTIFICADOR DE NÚMERO DE CONTROL
campo de control ES-MaACL
005 - FECHA Y HORA DE LA ÚLTIMA TRANSACCIÓN
campo de control 20230906165224.0
007 - CAMPO FIJO DE DESCRIPCIÓN FÍSICA--INFORMACIÓN GENERAL
campo de control de longitud fija t|
008 - DATOS DE LONGITUD FIJA--INFORMACIÓN GENERAL
campo de control de longitud fija 040105s1949 sp ||||1| spa d
100 1# - ENTRADA PRINCIPAL--NOMBRE DE PERSONA
Nombre de persona Fouque, Agustín.
9 (RLIN) 51948
245 13 - MENCIÓN DEL TÍTULO
Título El tratado de comercio mexicano-americano
Resto del título : (guión para una revisón equitativa) /
Mención de responsabilidad, etc. Agustín Fouque.
260 ## - PUBLICACIÓN, DISTRIBUCIÓN, ETC.
Lugar de publicación, distribución, etc. México :
Nombre del editor, distribuidor, etc. E.D.I.A.P.S.A,
Fecha de publicación, distribución, etc. 1949 (
Fabricante La Carpeta)
300 ## - DESCRIPCIÓN FÍSICA
Extensión XXIV, 196 p. ;
Dimensiones 20 cm.
490 1# - MENCIÓN DE SERIE
Mención de serie Temas económicos y políticos contemporáneos de México
830 0# - PUNTO DE ACCESO ADICIONAL DE SERIE-TÍTULO UNIFORME
Título uniforme Temas económicos y políticos contemporáneos de México
9 (RLIN) 183752
852 ## - LOCALIZACIÓN
Ubicación ES-MaACL
Número de control de estantería D-8256
Sublocalización o colección R.33035
Holdings
Estatus retirado Estado de pérdida Estado de daño No para préstamo Biblioteca de origen Biblioteca actual Ubicación en estantería Fecha de adquisición Fuente de adquisición Total de préstamos Signatura topográfica completa Código de barras Visto por última vez Precio de reemplazo Tipo de ítem Koha
        Biblioteca del Ateneo de Madrid Biblioteca del Ateneo de Madrid Sala Valle Inclán 17/01/2008     D-8256 901067918 23/02/2023 23/02/2023 Libro impreso